[Event "Aktogay Masters 2019"]
[Site "Aktogay"]
[Date "2019.05.15"]
[Round "7.2"]
[White "Kaiyrbekov, Rustam"]
[Black "Suleymenov, Alisher"]
[Result "1-0"]
[WhiteElo "2329"]
[BlackElo "2435"]
[Annotator "TA"]
[PlyCount "107"]
[EventDate "2019.05.11"]
[EventType "tourn"]
[EventCountry "KAZ"]
[SourceTitle "playchess.com"]
[Source "ChessBase"]
[SourceQuality "1"]

{[%evp 18,107,2,0,12,-4,-6,-6,-6,-2,-12,-58,0,0,0,0,57,0,0,6,69,30,107,60,84,84,87,89,83,74,84,78,107,116,93,100,249,137,130,108,111,110,106,97,214,112,109,69,250,252,272,150,268,0,285,271,331,323,770,198,190,178,209,175,188,198,279,151,152,147,245,245,245,249,363,362,393,353,384,348,458,468,497,481,1320,1320,982,993,5800,5550,29972,5935]} 1. d4 Nf6 2. Nf3 g6 3. Bg5 Bg7 4. Nbd2 O-O 5. e4 d5 6. Bd3 dxe4 7. Nxe4 Nxe4 8. Bxe4 c5 9. c3 cxd4 10. Nxd4 Qa5 {A48: 1 d4 Nf6 2 Nf3 g6: Torre, London and Colle Systems} (10... Qb6 11. Qe2 Nc6 12. Nb3 a5 13. Be3 Qc7 14. a4 Ne5 15. Nd4 Qc4 16. Bg5 h6 17. Bc1 Rd8 18. Bc2 {½-½ (28) Mamedyarov,S (2799)-Mamedov,R (2709) Huaian 2017}) 11. Nf3 ({Don't go for} 11. Bxe7 $2 Re8 $19) 11... Nd7 12. O-O Nf6 {The position is equal.} 13. Bc2 Bg4 14. Bh4 $146 ({Predecessor:} 14. Bxf6 Bxf6 15. Be4 Rab8 16. h3 Be6 17. Qe2 Qc5 18. Rfd1 {0-1 (41) Yurenok,M (1981)-Rjanova,V (2135) St Petersburg 2009}) 14... Rfe8 (14... Qb5 $15) 15. h3 $11 Rad8 16. Qe2 Bf5 (16... Bxf3 $11 17. Qxf3 Rd2) 17. Bxf5 (17. Bb3 $1 $14) 17... Qxf5 18. Rad1 Nd5 (18... e6 $11) 19. Rfe1 Qc8 (19... Bf8 $11 {keeps the balance.}) 20. Qb5 a6 21. Qb3 Qc6 {[#]} 22. Bxe7 $1 {[%mdl 512]} Rd7 (22... Nxe7 23. Rxd8) 23. Bh4 Rxe1+ 24. Rxe1 {Black must now prevent Re8+.} h6 25. Re8+ Kh7 26. Bg3 Nc7 (26... b5 $16) 27. Rb8 (27. Rc8 $18 a5 28. Nd4) 27... Nd5 $16 28. Ne5 Bxe5 29. Bxe5 {[%csl Ge5][%cal Rb8h8]} f6 30. Bg3 b5 {[#]} (30... Kg7 $16 {is a better defense.}) 31. Qc2 ({White should try} 31. Qa3 $1 $18 {[%cal Ra3f8] White wants to mate with Qf8.} Qe6 32. Qf8) 31... Qe6 32. a4 bxa4 $2 (32... f5 $14) 33. Qxa4 $18 Ne7 {[#] Strongly threatening ...Qe1+.} 34. Qb3 (34. Kh2 $1 $18) 34... Nd5 (34... Qxb3 $16 35. Rxb3 Kg7) 35. Qc4 $2 (35. c4 $18 Ne7 36. Kh2) 35... Re7 $2 {[%mdl 8192]} (35... Ne3 $1 $11 {and Black is okay.} 36. Qxe6 Rd1+ 37. Kh2 Nf1+ 38. Kh1 Ne3+ 39. Kh2 Nf1+ 40. Kh1 Ne3+ 41. Kh2) 36. Rd8 Nb6 37. Qxa6 Qb3 $2 (37... Nc4 38. Qxe6 Rxe6) 38. Qa3 $2 (38. Kh2) 38... Qxa3 39. bxa3 {[%mdl 4096] Endgame KRB-KRN} Ra7 40. Rb8 Nc4 41. Rc8 Ne5 (41... Ra4 $142 42. Kf1 Nd2+ 43. Ke1 Ne4) 42. f4 (42. c4 $18) 42... Nd3 $16 43. f5 Rxa3 (43... Ne5 $16 {was called for.} 44. Bf2 Rxa3) 44. Rc7+ $18 Kg8 45. fxg6 f5 (45... Ra5 $142 46. c4 h5) 46. Bd6 Ra1+ 47. Kh2 Ra6 48. Rd7 {Hoping for Rd8+.} Nb2 49. g7 Nc4 50. Bc5 Ne5 (50... f4 $142 51. Bd4 Ra8) 51. Rd8+ Kxg7 52. Bd4 Re6 53. Rd5 Kf6 54. Kg3 {Accuracy: White = 43%, Black = 31%.} (54. Rxe5 $142 f4 55. Rxe6+ Kxe6 56. g4 Kd7 57. h4 Ke6 58. c4 Kf7 59. g5) 1-0

[Event "Aktogay Masters 2019"]
[Site "Aktogay"]
[Date "2019.05.15"]
[Round "7.3"]
[White "Nukin, Tolegen"]
[Black "Igambergenov, Alibek"]
[Result "0-1"]
[WhiteElo "2113"]
[BlackElo "2295"]
[Annotator "ChessBase"]
[PlyCount "72"]
[EventDate "2019.05.11"]
[EventType "tourn"]
[EventCountry "KAZ"]
[SourceTitle "playchess.com"]
[Source "ChessBase"]
[SourceQuality "1"]
[TimeControl "5400+30"]

1. e4 {[%emt 0:00:00]} c5 {[%emt 0:02:40]} 2. Nc3 {[%emt 0:00:00]} d6 {[%emt 0:00:07]} 3. g3 {[%emt 0:00:00]} g6 {[%emt 0:00:05]} 4. Bg2 {[%emt 0:00:00]} Bg7 {[%emt 0:00:04]} 5. d3 {[%emt 0:00:13]} Nc6 {[%emt 0:00:06]} 6. f4 {[%emt 0:00:10]} e6 {[%emt 0:01:09]} 7. Nf3 {[%emt 0:00:08]} Nge7 {[%emt 0:00:07]} 8. O-O {[%emt 0:00:39]} O-O {[%emt 0:00:06]} 9. Bd2 {[%emt 0:00:17]} a6 {[%emt 0:00:39]} 10. Rb1 {[%emt 0:00:26]} b5 {[%emt 0:00:50]} 11. a3 {[%emt 0:00:04]} Bb7 {[%emt 0:01:15]} 12. Ne2 {[%emt 0:00:46]} d5 {[%emt 0:06:31]} 13. e5 {[%emt 0:00:36]} f6 {[%emt 0:00:29]} 14. exf6 {[%emt 0:00:49]} Bxf6 {[%emt 0:00:04]} 15. Ng5 {[%emt 0:04:32]} Qd6 {[%emt 0:01:13]} 16. h4 {[%emt 0:09:26]} Nf5 {[%emt 0:05:54]} 17. c3 {[%emt 0:00:36]} Rae8 {[%emt 0:03:50]} 18. b4 {[%emt 0:00:27]} Kg7 {[%emt 0:04:58]} 19. Kh2 {[%emt 0:02:23]} cxb4 {[%emt 0:00:56]} 20. axb4 {[%emt 0:00:44]} e5 {[%emt 0:00:22]} 21. Qb3 {[%emt 0:04:23]} h6 {[%emt 0:13:44]} 22. Nh3 {[%emt 0:00:33]} e4 {[%emt 0:00:06]} 23. d4 {[%emt 0:04:28]} Nce7 {[%emt 0:01:41]} 24. Qd1 {[%emt 0:03:41]} Nc8 {[%emt 0:00:41]} 25. Nc1 {[%emt 0:01:57]} Nb6 {[%emt 0:00:15]} 26. Ne2 {[%emt 0:13:20]} Nc4 {[%emt 0:00:49]} 27. Qc1 {[%emt 0:02:21]} Bc8 {[%emt 0:02:25]} 28. Ra1 {[%emt 0:01:58]} Rh8 {[%emt 0:02:06]} 29. Kg1 {[%emt 0:02:06]} Qd7 {[%emt 0:01:42]} 30. Ra2 {[%emt 0:01:17]} Qc6 {[%emt 0:05:01]} 31. Ra1 {[%emt 0:00:29]} Nfd6 {[%emt 0:01:14]} 32. Ra2 {[%emt 0:04:52]} Bg4 {[%emt 0:04:07]} 33. Be1 {[%emt 0:00:25]} Nf5 {[%emt 0:01:49]} 34. Bf2 {[%emt 0:02:06]} e3 {[%emt 0:01:06]} 35. Be1 {[%emt 0:00:04]} Nd2 {[%emt 0:00:07]} 36. Qa1 {[%emt 0:01:49]} Bxe2 {[%emt 0:01:53]} 0-1

[Event "Aktogay Masters 2019"]
[Site "Aktogay"]
[Date "2019.05.15"]
[Round "7.4"]
[White "Vlassov, Nikolai"]
[Black "Kim, Kristina"]
[Result "1-0"]
[WhiteElo "2393"]
[BlackElo "1916"]
[Annotator "ChessBase"]
[PlyCount "49"]
[EventDate "2019.05.11"]
[EventType "tourn"]
[EventCountry "KAZ"]
[SourceTitle "playchess.com"]
[Source "ChessBase"]
[SourceQuality "1"]
[TimeControl "5400+30"]

1. e4 {[%emt 0:00:00]} g6 {[%emt 0:00:00]} 2. h4 {[%emt 0:01:11]} h6 {[%emt 0:00:01]} 3. d4 {[%emt 0:00:26]} Bg7 {[%emt 0:00:08]} 4. Nc3 {[%emt 0:00:10]} c6 {[%emt 0:00:09]} 5. Bc4 {[%emt 0:05:38]} d6 {[%emt 0:03:14]} 6. h5 {[%emt 0:01:47]} gxh5 {[%emt 0:01:09]} 7. Nge2 {[%emt 0:03:15]} Nf6 {[%emt 0:02:03]} 8. Nf4 {[%emt 0:04:26]} b5 {[%emt 0:01:02]} 9. Bb3 {[%emt 0:00:33]} b4 {[%emt 0:00:39]} 10. Nxh5 {[%emt 0:10:21]} Nxh5 {[%emt 0:01:31]} 11. Qxh5 {[%emt 0:00:21]} e6 {[%emt 0:00:58]} 12. Ne2 {[%emt 0:00:10]} d5 {[%emt 0:06:06]} 13. Qg4 {[%emt 0:03:25]} Bf8 {[%emt 0:04:25]} 14. Bd2 {[%emt 0:07:23]} a5 {[%emt 0:00:28]} 15. c3 {[%emt 0:00:12]} a4 {[%emt 0:00:42]} 16. Bc2 {[%emt 0:00:10]} a3 {[%emt 0:00:08]} 17. bxa3 {[%emt 0:09:48]} bxc3 {[%emt 0:03:25]} 18. Nxc3 {[%emt 0:00:46]} Qb6 {[%emt 0:01:38]} 19. exd5 {[%emt 0:01:19]} Qb2 {[%emt 0:00:55]} 20. Rc1 {[%emt 0:00:31]} Rxa3 {[%emt 0:00:27]} 21. Na4 {[%emt 0:48:38]} Qxa2 {[%emt 0:04:06]} 22. Nb6 {[%emt 0:00:00]} Bd7 {[%emt 0:02:56]} 23. Qf4 {[%emt 0:00:00]} Na6 {[%emt 0:01:35]} 24. Nxd7 {[%emt 0:00:00]} Kxd7 {[%emt 0:04:03]} 25. Qf6 {[%emt 0:00:00]} 1-0

[Event "Aktogay Masters 2019"]
[Site "Aktogay"]
[Date "2019.05.15"]
[Round "7.5"]
[White "Bekturov, Tamerlan"]
[Black "Kuznetsov, Andrei S."]
[Result "1-0"]
[WhiteElo "2241"]
[BlackElo "2261"]
[Annotator "TA"]
[PlyCount "68"]
[EventDate "2019.05.11"]
[EventType "tourn"]
[EventCountry "KAZ"]
[SourceTitle "playchess.com"]
[Source "ChessBase"]
[SourceQuality "1"]

{[%evp 18,68,37,48,39,26,31,20,16,16,40,39,33,25,29,33,51,42,54,56,176,183,163,97,96,86,118,112,178,179,331,342,355,356,390,402,365,393,388,396,664,495,639,619,660,656,649,634,737,702,760,754,820]} 1. d4 Nf6 2. c4 c6 3. Nc3 d5 4. cxd5 cxd5 5. Bf4 Nc6 6. e3 g6 7. h3 Bg7 8. Nf3 O-O 9. Bd3 a6 10. O-O b5 {D90: Grünfeld: 4 Nf3 Bg7 sidelines} 11. Qe2 Bb7 12. Rfc1 Rc8 {The position is equal.} 13. Qd1 {[#]} Na5 $146 ({Predecessor:} 13... e6 14. Ne5 Nd7 15. Nxc6 Rxc6 {½-½ (61) Ahlander,B (2432)-Tikkanen,H (2522) Lund 2017}) 14. a4 b4 15. Na2 Qb6 16. Ne5 Rfd8 17. Qe1 $36 {[%mdl 2048] Black is under pressure.} b3 18. Qb4 Rd6 (18... Qxb4 $14 19. Nxb4 Nh5) 19. Rxc8+ $18 Bxc8 20. Qxb6 ({White should try} 20. Nf3 $18 Qxb4 21. Nxb4) 20... Rxb6 $16 21. Nc3 Bf5 22. g4 Bxd3 (22... Be6 $16) 23. Nxd3 $18 Nc4 $2 (23... Rc6) 24. g5 Ne4 {White must now prevent ...Nxc3.} 25. Nxd5 {[%mdl 64] Double Attack} Rb7 26. Rc1 Ned2 27. Nc5 {[%mdl 64] Double Attack} Ra7 {[#]} 28. Nxb3 $1 {[%mdl 512]} Nxe3 $2 (28... Nxb3 29. Rxc4 f6) 29. Rc8+ {White is clearly winning.} (29. Bxe3 Nxb3 30. Rc8+ Bf8 $18) (29. Nxd2 Nxd5 30. Rc8+ Bf8 $16) 29... Bf8 {[#] ...Nf3+ is the strong threat.} 30. Nxe7+ $1 {[%mdl 512]} Rxe7 31. Nxd2 Nf5 32. Be5 f6 33. gxf6 Rd7 34. Ne4 h6 {Accuracy: White = 89%, Black = 26%.} 1-0

[Event "Aktogay Masters 2019"]
[Site "Aktogay"]
[Date "2019.05.16"]
[Round "8.1"]
[White "Khusenkhojaev, Muhammad"]
[Black "Suleymenov, Alisher"]
[Result "1/2-1/2"]
[WhiteElo "2445"]
[BlackElo "2435"]
[Annotator "TA"]
[PlyCount "146"]
[EventDate "2019.05.11"]
[EventType "tourn"]
[EventCountry "KAZ"]
[SourceTitle "playchess.com"]
[Source "ChessBase"]
[SourceQuality "1"]

{[%evp 15,146,30,45,42,44,30,47,33,37,28,36,21,32,12,35,-16,-14,-24,-16,-28,0,0,24,38,37,22,29,8,43,10,88,78,102,62,55,45,72,70,74,70,74,40,77,28,45,33,35,29,31,-16,-47,-38,-37,-293,-294,-280,-256,-281,-279,-287,-275,-411,-390,-353,0,0,0,0,0,0,0,0,0,0,0,0,0,0,0,0,103,102,90,94,111,106,124,121,135,134,130,79,108,90,112,111,96,96,85,43,44,47,47,44,59,52,52,36,48,0,0,0,0,0,0,0,0,0,0,0,0,0,0,0,0,0,0,0,0,0,0,0,0]} 1. d4 Nf6 2. c4 g6 3. g3 Bg7 4. Bg2 O-O 5. Nc3 d6 6. Nf3 Nc6 7. O-O Bf5 8. b3 e5 9. d5 {E62: King's Indian: Fianchetto: 6...c6 and Panno Variation (6...Nc6) without ...a6} Ne7 10. Nh4 (10. Ne1 e4 11. Nc2 Qd7 12. Bg5 h6 13. Bxf6 Bxf6 14. Qd2 Rfe8 15. Nd4 c5 16. dxc6 Nxc6 17. Nxf5 Qxf5 {1-0 (42) Howell,D (2685)-Ghasi,A (2505) Daventry 2019}) 10... Bg4 11. h3 {White is slightly better.} Bd7 12. e4 $146 ({Predecessor:} 12. Bb2 Qc8 13. Kh2 g5 14. Nf3 g4 15. Ng1 Ng6 16. e4 Kh8 {0-1 (29) Asabri,H (2231)-Ali,S (2341) Nouakchott 2013}) 12... Ne8 13. Qc2 f5 14. exf5 gxf5 15. f4 ({White should play} 15. Bg5 $14) 15... e4 $11 16. Bb2 $1 Nf6 17. Rfd1 Qe8 18. Bf1 Kh8 19. Be2 Rg8 20. Kh2 Qf7 21. Rg1 Raf8 22. Raf1 Be8 (22... c6 $11 {keeps the balance.}) 23. Qd2 Nh5 24. Nd1 Bxb2 25. Qxb2+ Nf6 26. Ne3 Qg7 {aiming for ...Ng4+!} 27. Rg2 Bd7 28. Kg1 a5 29. Rff2 Qh6 30. Qd4 b6 31. a3 Rg7 32. b4 axb4 33. axb4 Rfg8 34. Kh2 $2 {[%mdl 8192] [#]} (34. Nf1 $15) 34... Rxg3 $1 $19 {[%mdl 512]} 35. Rxg3 Rxg3 36. Kxg3 Qg7+ 37. Ng6+ ({Don't blunder} 37. Kh2 $2 {[#]} Ng4+ $1 {[%mdl 512]} 38. hxg4 Qxd4 $19) 37... Nxg6 38. Qb2 {[#]} (38. Kg2 $142 Nxf4+ 39. Kf1 Nxh3 40. Rg2) 38... Nxf4+ $1 {[%mdl 512]} 39. Kh2 (39. Kxf4 Nxd5+) 39... Nxh3 $2 (39... Qh6 $19 40. Bf1 Nxh3 {[%mdl 64] Clearance} 41. Bxh3 f4) 40. Kxh3 $11 f4+ 41. Kh2 f3 42. Bd1 Kg8 {Strongly threatening ...Qh6+.} 43. Qd2 $1 Qg5 {[#]} 44. Bxf3 $1 exf3 45. Rxf3 Ng4+ 46. Kh1 Ne5 47. Rf2 $1 $36 {[%cal Rf2g2][%mdl 2048] Threatens to win with Rg2. White is more active.} Ng6 (47... Qh4+ $11 48. Kg1 Qg5+ 49. Kh1 (49. Rg2 $2 Nf3+ 50. Kh1 Bg4 $19 {[%mdl 64] Pin}) 49... Qh4+ 50. Kg1 Qg5+ 51. Kh1 (51. Rg2 $2 Nf3+ {[%mdl 64] Double Attack} 52. Kh1 Bg4 $19 {[%mdl 64] Pin})) 48. Ng2 $16 Qg4 49. Qe2 Qh3+ 50. Kg1 Ne5 51. Qe3 Qg4 52. Qf4 {[%csl Gf2][%cal Rf4f8]} Qg7 {intending ...Nd3.} 53. Ra2 (53. Qh4 $142 {White threatens Qd8+ and mate.} h5 54. Qxh5) 53... h6 54. Ra8+ Kh7 55. Qe4+ Qg6 56. Qxg6+ Kxg6 {[%mdl 4096] Endgame KRN-KBN} 57. Ne3 {Ra7 is the strong threat.} Kg5 $1 58. Rf8 h5 59. Kf2 Nd3+ 60. Ke2 Ne5 61. Rh8 h4 62. Rh7 h3 {The position is equal.} 63. Kf2 Kf4 64. Ke2 Kg3 65. Nf1+ Kf4 66. Ne3 Kg3 67. Nf1+ Kg2 {Hoping for ...Bg4+.} 68. Ne3+ Kg3 69. Nf1+ Kg2 {And now ...Bg4+ would win.} 70. Ne3+ Kg3 71. Nf1+ Kf4 72. Ne3 Kg3 73. Nf1+ Kf4 {Accuracy: White = 58%, Black = 70%.} 1/2-1/2

[Event "Aktogay Masters 2019"]
[Site "Aktogay"]
[Date "2019.05.16"]
[Round "8.2"]
[White "Kim, Kristina"]
[Black "Bekturov, Tamerlan"]
[Result "0-1"]
[WhiteElo "1916"]
[BlackElo "2241"]
[Annotator "TA"]
[PlyCount "100"]
[EventDate "2019.05.11"]
[EventType "tourn"]
[EventCountry "KAZ"]
[SourceTitle "playchess.com"]
[Source "ChessBase"]
[SourceQuality "1"]

{[%evp 9,100,-14,20,23,45,0,0,0,0,0,0,-38,-41,-40,-35,-50,-48,-68,-89,-142,-141,-377,-370,-373,-376,-367,-352,-370,-218,-227,-213,-387,-364,-383,-395,-375,-146,-146,-145,-141,-145,-132,-106,-118,-120,-134,-118,-131,-116,-119,-132,-165,-125,-135,-136,-272,-279,-273,-267,-341,-330,-338,-309,-358,-362,-358,-360,-481,-465,-473,-225,-542,-471,-722,-712,-697,-690,-657,0,0,0,-606,-479,-471,-471,-502,-480,-809,-729,-5591,-5591,-1620,-1182]} 1. d4 Nf6 2. Bf4 d5 3. e3 c5 4. c3 Nc6 5. Nd2 Qb6 6. Qb3 {D00: 1 d4 d5: Unusual lines} c4 (6... Nh5 7. Qxb6 axb6 8. Bc7 cxd4 9. exd4 e5 10. Bxe5 Nxe5 11. dxe5 Bc5 12. g3 O-O {1-0 (76) Aronian,L (2765)-Caruana,F (2832) London 2018}) 7. Qxb6 axb6 8. a3 {The position is equal.} b5 9. Rd1 Bf5 10. Ngf3 $146 ({Predecessor:} 10. Be2 e6 11. h3 h6 {0-1 (59) Bellon Lopez,J (2340)-Johannessen,L (2495) Lund 2016}) 10... h6 11. h3 e6 12. Be2 Nd7 13. Ne5 Nb6 14. Ndf3 (14. Ra1 $142) 14... Na5 $17 15. b4 $2 (15. Nh4 $17 Bh7 16. Bh5) 15... Nb3 $19 16. Nd2 Bc2 17. Nxb3 Bxd1 ({Not} 17... Bxb3 18. Ra1 $15) (17... cxb3 $2 18. Kd2 $19) 18. Kxd1 {Black should prevent Na5.} cxb3 (18... Rxa3 $142 19. Nc1 Na4) 19. Bxb5+ Ke7 20. Kd2 $2 (20. Kc1 {is a better defense.}) 20... Rxa3 21. Bg3 g6 22. c4 {[#]} dxc4 $2 (22... Bg7 $1 $19 23. c5 Bxe5 24. dxe5 (24. Bxe5 $2 Nc4+ 25. Kc3 b2+ 26. Kc2 Ra1 $19) 24... Nc4+ 25. Bxc4 dxc4) 23. Nxc4 $17 Nxc4+ 24. Bxc4 Bg7 {aiming for ...Rc8.} 25. Rb1 Ra2+ 26. Kd3 Ra4 27. Rxb3 Rha8 28. Bb5 Ra3 29. Rxa3 Rxa3+ {[%mdl 4096] Endgame KRB-KB} 30. Kc4 Bf8 31. e4 Ra1 32. Kc5 (32. d5 $17 {keeps fighting.}) 32... Kd8+ $19 33. Kb6 Bxb4 34. d5 exd5 35. exd5 Rd1 36. Bc4 Ke7 37. Kxb7 Bd6 38. Kc6 Bxg3 39. fxg3 {KR-KB} f6 (39... Rd2 $142 40. g4 f6) 40. g4 $2 (40. Be2 {nothing else works.} Rc1+ 41. Kb5) 40... Rd2 41. Kc5 (41. g3 $142 Rd1 42. Kc5) 41... Rxg2 42. d6+ Kd7 43. Bb5+ Ke6 $2 ({Better is} 43... Kd8 $19 {Hoping for ...Rh2.} 44. Bd3 h5 45. Bxg6 h4) 44. Bc4+ $11 Kd7 $2 {[%mdl 8192]} (44... Ke5 $11 45. d7 Rd2) 45. Bb5+ $19 Kd8 {Black is clearly winning.} 46. Kd5 Rb2 47. Bc6 Re2 48. Bb5 (48. d7 $142) 48... Re5+ 49. Kc6 f5 50. Bd3 {[#]} Re3 $1 {Accuracy: White = 38%, Black = 68%.} 0-1

[Event "Aktogay Masters 2019"]
[Site "Aktogay"]
[Date "2019.05.16"]
[Round "8.3"]
[White "Igambergenov, Alibek"]
[Black "Kaiyrbekov, Rustam"]
[Result "0-1"]
[WhiteElo "2295"]
[BlackElo "2329"]
[Annotator "TA"]
[PlyCount "124"]
[EventDate "2019.05.11"]
[EventType "tourn"]
[EventCountry "KAZ"]
[SourceTitle "playchess.com"]
[Source "ChessBase"]
[SourceQuality "1"]

{[%evp 21,124,47,51,54,57,36,43,40,40,5,21,19,23,-56,-99,-218,130,137,138,162,205,211,200,203,195,180,195,67,58,61,53,18,245,106,158,112,102,14,14,8,8,8,8,6,4,0,0,0,0,0,0,0,0,0,0,-11,-11,-9,-12,-10,-14,-38,-39,-28,-16,-38,-26,-112,-92,-135,-111,-244,-162,-162,-174,-177,-159,-318,-266,-316,-309,-593,-321,-250,-234,-233,-227,-221,-193,-620,-618,-661,-379,-379,-354,-611,-606,-820,-833,-925,-833,-5159,-6621,-5583,-4610]} 1. Nf3 Nf6 2. c4 c5 3. Nc3 b6 4. g3 Bb7 5. Bg2 e6 6. O-O Be7 7. Re1 d6 8. e4 a6 9. d4 cxd4 10. Nxd4 Qc7 11. Be3 Nbd7 12. f4 {A30: Symmetrical English: Double Fianchetto and Hedgehog} (12. Rc1 Rc8 13. f4 Qb8 14. g4 h5 15. g5 Ng4 16. g6 Rxc4 17. gxf7+ Kxf7 18. Bf1 Nxe3 19. Rxe3 Rxd4 20. Qxd4 b5 21. Rg3 Bf6 22. e5 Bd8 23. Ne4 Bb6 {0-1 (23) Ding,L (2774)-Carlsen,M (2837) Saint Louis 2017}) 12... O-O 13. g4 Nc5 {[%cal Rf6e4]} 14. Bf2 {White is slightly better.} g6 15. b4 {White wants to play g5.} Ncd7 16. Rc1 Rac8 17. e5 (17. b5 $11) 17... dxe5 $15 18. fxe5 {[#]} (18. Bxb7 $17 Qxb7 19. fxe5) 18... Ne8 $146 {[#]} (18... Nxe5 $19 19. Bxb7 Nexg4) ({Predecessor:} 18... Nxe5 19. Bxb7 Nexg4 20. Qf3 Qxh2+ 21. Kf1 Rxc4 22. Bg1 {0-1 (43) Harutyunian,T (2515)-Perunovic,M (2604) Lisbon 2017}) 19. Ndb5 $1 $16 {[%cal Rb5c7][%mdl 512]} axb5 20. Nxb5 Qb8 21. Qxd7 {[%mdl 64] Double Attack} Bxg2 22. Qxe7 Qa8 23. Qa7 ({And not} 23. Bxb6 Bh3 $11) 23... Qf3 {( -> ...Bh3)} 24. Re3 (24. Qa3 $1 $18) 24... Qxg4 $14 25. Rg3 $1 {[%cal Rg3g4][%mdl 64] Double Attack} Qf4 26. Be3 Qe4 $2 (26... Qxe5 $11 {and Black has nothing to worry.} 27. Kxg2 Ng7 {[%mdl 64] Remove Defender, Decoy}) 27. Qd7 (27. Qxb6 $18 {and the rest is easy.} Bf3 28. Bc5) 27... Bf3 (27... Rxc4 $142 28. Rxc4 Qxc4 29. Kxg2 (29. Rxg2 Qxb4 30. Kh1 Qe1+ 31. Bg1 Qxe5 $16) 29... Qe4+ 30. Rf3 Qg4+ 31. Kf2 Qh4+ 32. Kg1 Qg4+ 33. Rg3 Qxb4) 28. Kf2 Ra8 29. Rxf3 (29. Nc3 $16 Qxe5 30. Kxf3 (30. Rxf3 Qxh2+ 31. Ke1 Nd6 $11)) 29... Rxa2+ $11 30. Bd2 $1 Qxe5 31. Kg1 {Strongly threatening Qd3.} Nf6 32. Qd3 Ne4 $1 33. Bf4 Qb2 {[%csl Ga2][%cal Rb2g2]} 34. Qf1 e5 35. Rb1 Qc2 36. Rc1 Qb2 $40 {[%mdl 128] White needs to defend precisely.} 37. Rb1 Qc2 38. Bxe5 Nd2 $1 {[%csl LRb1,LRc4,LRf1,LRf3][%cal Rd2f1][%mdl 64] Double Attack} 39. Rf2 {aiming for Nd4.} Nxf1 40. Rxc2 Rxc2 41. Kxf1 Rxc4 42. Nd6 Rc2 43. Ra1 f6 44. Bf4 (44. Bg3 $11 {keeps the balance.}) 44... g5 45. Bg3 h5 46. Ra7 (46. Bf2 $17) 46... h4 47. Bf2 Rd8 48. Ne4 {[#]} Rc6 $1 {And now ...Re8 would win.} 49. Ra6 $2 {[#]} (49. Ra2 $17 {keeps fighting.}) 49... Re8 $1 $19 {[%cal Re8e4]} 50. Nc5 Rd6 51. Nb3 $2 (51. Kg2 {is a better defense.}) 51... Rd3 52. Nd4 h3 53. Nc2 Rd2 54. Ne1 Ree2 55. Bg1 $2 (55. Bg3) 55... Re4 {White must now prevent ...Rf4+.} 56. Bxb6 Rf4+ 57. Kg1 Rg4+ 58. Kf1 $2 (58. Kh1 Rxb4 59. Kg1) 58... Rxh2 {...Rh1+ is the strong threat.Black is clearly winning.} 59. Ra8+ Kg7 60. Ra7+ Kg6 {Hoping for ...Rh1+.} 61. b5 Rf4+ 62. Kg1 Re2 {Accuracy: White = 35%, Black = 65%.} 0-1

[Event "Aktogay Masters 2019"]
[Site "Aktogay"]
[Date "2019.05.16"]
[Round "8.5"]
[White "Sukhov, Artur"]
[Black "Vlassov, Nikolai"]
[Result "0-1"]
[WhiteElo "2110"]
[BlackElo "2393"]
[Annotator "NA RC"]
[PlyCount "76"]
[EventDate "2019.05.11"]
[EventType "tourn"]
[EventCountry "KAZ"]
[SourceTitle "playchess.com"]
[Source "ChessBase"]
[SourceQuality "1"]
[TimeControl "5400+30"]

1. d4 {[%emt 0:00:00]} Nf6 {[%emt 0:00:00]} 2. c4 {[%emt 0:00:00]} Nc6 {[%emt 0:00:00]} 3. Nf3 {[%emt 0:00:00]} e6 {[%emt 0:00:15]} 4. Nc3 {[%emt 0:00:16]} Bb4 {[%emt 0:00:07]} 5. Bd2 {[%emt 0:00:18]} O-O {[%emt 0:01:07]} 6. e3 {[%emt 0:00:05]} d6 {[%emt 0:00:31]} 7. a3 {[%emt 0:00:35]} Bxc3 {[%emt 0:00:07]} 8. Bxc3 {[%emt 0:00:07]} Qe7 {[%emt 0:02:19]} 9. Be2 {[%emt 0:03:02]} e5 {[%emt 0:00:17]} 10. dxe5 {[%emt 0:02:17]} dxe5 {[%emt 0:00:03]} 11. Qc2 {[%emt 0:01:14]} Bg4 {[%emt 0:00:36]} 12. O-O {[%emt 0:01:50]} a5 {[%emt 0:00:20]} 13. h3 {[%emt 0:02:26] E33: Nimzo-Indian: Classical: 4...Nc6} Bh5 {[%emt 0:00:21]} 14. b3 {[%emt 0:00:07]} Rfe8 {[%emt 1:30:57]} 15. Qb2 {[%emt 0:15:26]} (15. Rfd1 Bg6 16. Qb2 Ne4 17. Be1 Nd6 18. Bc3 Ne4 19. Be1 Nd6 20. Bc3 {½-½ (20) Malakhatko,V (2511)-Tregubov,P (2589) Bastia 2017}) 15... Ne4 {[%emt 0:00:00]} 16. Rfe1 $146 {[%emt 0:12:15]} ({Predecessor:} 16. Be1 Nc5 17. b4 Bxf3 18. gxf3 {0-1 (40) Landgren,A (2276)-Schneider,S (2365) Sweden 2019}) 16... Nc5 {[%emt 0:00:00]} 17. Rad1 {[%emt 0:58:32]} e4 {[%emt 0:00:00]} 18. Nd4 {[%emt 0:00:00]} Bxe2 {[%emt 0:00:00]} 19. Qxe2 {[%emt 0:00:00]} Nd3 {[%emt 0:02:30]} 20. Rf1 {[%emt 0:01:30]} Nxd4 {[%emt 0:03:00]} 21. Bxd4 {[%emt 0:00:00]} Qxa3 {[%emt 0:00:30]} 22. Qg4 {[%emt 0:00:00]} Qf8 {[%emt 0:00:00]} 23. f3 {[%emt 0:00:00] [#]} Nc5 $1 {[%emt 0:01:00]} 24. Qf4 {[%emt 0:02:00]} (24. Bb2 $15) 24... Nxb3 {[%emt 0:00:00]} 25. Qxc7 {[%emt 0:00:00]} Qe7 {[%emt 0:00:00]} 26. Qf4 {[%emt 0:01:00]} a4 {[%emt 0:02:30]} 27. fxe4 {[%emt 0:00:30]} f6 {[%emt 0:00:00]} 28. Qg4 {[%emt 0:00:30]} Qxe4 {[%emt 0:00:00]} 29. Rf4 {[%emt 0:00:30] [#]} Qg6 $1 {[%emt 0:00:00]} 30. Qf3 {[%emt 0:00:00]} Qf7 {[%emt 0:00:00]} 31. g4 $2 {[%emt 0:00:00]} (31. Bc3 {was called for.}) 31... Ra5 {[%emt 0:00:00]} (31... a3 $142 32. g5 a2) 32. Bc3 $17 {[%emt 0:00:00]} Rc5 {[%emt 0:00:00]} 33. Bb4 {[%emt 0:00:00]} Rce5 {[%emt 0:00:00]} 34. Rd3 {[%emt 0:02:30]} h5 {[%emt 0:00:00]} 35. h4 {[%emt 0:00:00]} Qg6 {[%emt 0:00:00]} 36. Rd7 {[%emt 0:00:21]} Re4 {[%emt 0:00:00]} 37. Rxb7 {[%emt 0:00:31]} hxg4 {[%emt 0:00:00]} 38. Qg3 Rxe3 {[%emt 0:06:00]} 0-1